Amarás a tu prójimo / (Record no. 70193)
[ view plain ]
| 000 -LEADER | |
|---|---|
| campo de control de longitud fija | 00422nam a2200157 i 4500 |
| 001 - NÚMERO DE CONTROL | |
| campo de control | 70193 |
| 003 - IDENTIFICADOR DE NÚMERO DE CONTROL | |
| campo de control | ES-MaACL |
| 005 - FECHA Y HORA DE LA ÚLTIMA TRANSACCIÓN | |
| campo de control | 20230906170740.0 |
| 007 - CAMPO FIJO DE DESCRIPCIÓN FÍSICA--INFORMACIÓN GENERAL | |
| campo de control de longitud fija | t| |
| 008 - DATOS DE LONGITUD FIJA--INFORMACIÓN GENERAL | |
| campo de control de longitud fija | 040720s1967 sp ||||1| spa d |
| 100 1# - ENTRADA PRINCIPAL--NOMBRE DE PERSONA | |
| Nombre de persona | García Pérez, Juan. |
| 9 (RLIN) | 55111 |
| 245 10 - MENCIÓN DEL TÍTULO | |
| Título | Amarás a tu prójimo / |
| Mención de responsabilidad, etc. | Juan García Pérez. |
| 260 ## - PUBLICACIÓN, DISTRIBUCIÓN, ETC. | |
| Lugar de publicación, distribución, etc. | Barcelona : |
| Nombre del editor, distribuidor, etc. | Ferma, |
| Fecha de publicación, distribución, etc. | 1967. |
| 300 ## - DESCRIPCIÓN FÍSICA | |
| Extensión | 264 p. ; |
| Dimensiones | 19 cm. |
| 852 ## - LOCALIZACIÓN | |
| Ubicación | ES-MaACL |
| Número de control de estantería | C-32844 |
| Sublocalización o colección | R.62475 |
| Estatus retirado | Estado de pérdida | Estado de daño | No para préstamo | Biblioteca de origen | Biblioteca actual | Ubicación en estantería | Fecha de adquisición | Fuente de adquisición | Total de préstamos | Signatura topográfica completa | Código de barras | Visto por última vez | Precio de reemplazo | Tipo de ítem Koha |
|---|---|---|---|---|---|---|---|---|---|---|---|---|---|---|
| Biblioteca del Ateneo de Madrid | Biblioteca del Ateneo de Madrid | Depósito 2 | 17/01/2008 | C-32844 | 1073502 | 23/02/2023 | 23/02/2023 | Libro impreso |
